| 000 | 00437nam a2200181Ia 4500 | ||
|---|---|---|---|
| 003 | 0100 | ||
| 008 | 130227s9999 xx 000 0 und d | ||
| 020 | _a0232483825 | ||
| 040 | _cARRUPELIB | ||
| 050 | _aBX2350.2.A613 1974 | ||
| 100 |
_aCarthusian _923458 |
||
| 245 | 4 | _aThe Prayer of love and silence | |
| 260 | _aLondon | ||
| 260 |
_bDarton Longman & Todd _c1962 |
||
| 300 | _av | ||
| 300 | _b 137p 19cm | ||
| 942 |
_2lcc _cMONOGRAPH |
||
| 999 |
_c1212 _d1212 |
||